| 000 | 00863nam a22002777a 4500 | ||
|---|---|---|---|
| 003 | CHAP | ||
| 005 | 20220329134356.0 | ||
| 008 | 971013s1977 r 00010 d | ||
| 010 | _a19588 | ||
| 011 | _a20560 | ||
| 035 | _a24648 | ||
| 040 | _cCHAP | ||
| 090 | _aFolleto 11951 | ||
| 110 |
_aAmerican Soybean Association _95308 |
||
| 245 | _aProceso de obtención de proteína del frijol soya | ||
| 260 |
_aMéxico, D.F., : _bASA, _c(1977?) |
||
| 590 |
_aBATCH-UPD _b10 _c20130110 _lUCH01 _h1447 |
||
| 590 |
_aBATCH-UPD _b10 _c20130410 _lUCH01 _h0916 |
||
| 590 |
_aBATCH-UPD _b10 _c20130914 _lUCH01 _h2032 |
||
| 590 |
_aCONVERSION _b10 _c20130109 _lUCH01 _h1312 |
||
| 650 | 1 | 4 |
_aSoya _xProteínas. _9109081 |
| 901 | _aBK | ||
| 942 | _cFOLL | ||
| 949 |
_aFolleto 11951 _bBC _cFOLL _d-56792 _eTS1 _i24648 _si |
||
| 949 |
_aFolleto 11951 _bBC _cFOLL _d-56793 _eTS2 _fc.2 _i24648 _si |
||
| 999 |
_c19588 _d19588 |
||